| 000 | 00544nam a22001937a 4500 | ||
|---|---|---|---|
| 003 | DEla salle | ||
| 005 | 20140310182800.0 | ||
| 008 | 130213t xxu||||| |||| 00| 0 eng d | ||
| 050 |
_aCC 75 _b.D311 1967 |
||
| 082 |
_aM 913.031028 _bD36 1967 |
||
| 245 |
_aInvitation to archaeology _cDeetz, James |
||
| 260 |
_aGarden City, New York : _bThe Natural History Press, _cc1967. |
||
| 300 |
_ax, 150 p. _c18 cm. _bill. ; |
||
| 521 | _aCollege Students | ||
| 526 | _c1210L-1700L | ||
| 541 | _j1 | ||
| 562 | _e1 | ||
| 942 |
_2lcc _cBK _kM |
||
| 999 |
_c15965 _d15965 |
||